| 000 | 00927nam a2200265 i 4500 | ||
|---|---|---|---|
| 001 | 185979 | ||
| 003 | SpMaBN | ||
| 005 | 20250824204724.0 | ||
| 008 | 160831s1986 sp |||| |dspa d | ||
| 020 | _a84-02-10762-1 | ||
| 080 | _a641.5(089.3) | ||
| 100 | 1 |
_aBrillat-Savarin, Jean Anthelme, _d1755-1826 _931738 |
|
| 245 | 1 | 0 |
_aFisiología del gusto / _cJean Anthelme Brillat-Savarin ; [traducción, Conde de Rodalquilar ; prólogo, Néstor Luján]. |
| 250 | _a1ª ed. | ||
| 260 |
_aBarcelona : _bBruguera, _c1986. |
||
| 300 |
_a381 p. ; _c18 cm. |
||
| 490 | 1 |
_aLibro amigo ; _v1130 |
|
| 490 | 1 |
_aDolce vita ; _v1512 |
|
| 650 | 0 | 4 |
_aGastronomía- _vCuriosidades _913037 |
| 700 | 0 |
_aLuján, Néstor, _d1922-1995 _974707 |
|
| 830 | 0 | 0 |
_aLibro amigo (Bruguera) _v1130 _9220624 |
| 830 | 0 |
_aDolce vita ; _v1512 _9225316 |
|
| 852 |
_aES-MaACL _jL-30591 _z. - Donat. Miguel A. Velasco |
||
| 999 |
_c185979 _d185979 |
||